[Event "HCL-T266"]
[Site "www.playchess.de"]
[Date "2006.03.21"]
[Round "30"]
[White "Idris"]
[Black "richard"]
[WhiteElo "844"]
[BlackElo "1897"]
[PlyCount "52"]
[Result "0-1"]

1.e4 e6 2.d4 d5 3.Nc3 Bb4 4.e5 c5 5.Bd2 Ne7 6.Bd3 
c4 7.Be2 Nf5 8.Nf3 Nc6 9.O-O Nfxd4 10.Nxd4 Nxd4 
11.Re1 O-O 12.Bg4 Nc6 13.Re3 d4 14.Rh3 dxc3 
15.bxc3 Be7 16.Qc1 Nxe5 17.Be2 Ng6 18.Bxc4 Qc7 
19.g3 Qxc4 20.Bh6 Qxc3 21.Bd2 Qf3 22.a4 e5 23.Be3 
Bxh3 24.Qf1 Bxf1 25.Kxf1 Qh1+ {better to have 
taken with the rook}  26.Ke2 Qxa1 0-1

[Event "HCL-M882"]
[Site "www.playchess.de"]
[Date "2006.03.21"]
[Round "2"]
[White "XiaoAn"]
[Black "FoppeHG"]
[WhiteElo "1682"]
[BlackElo "1846"]
[PlyCount "49"]
[Result "1/2-1/2"]

1.e4 {succes! dat er vele mooie offers mogen 
volgen!}  e5 {Het zal me een genoegen zijn, dat 
jij dit keer maar weer eens mag winnen, hahaha..}  
2.f4 {geen probleem, buddy.....}  exf4 {en dat is 
1....}  3.Nf3 {je mag al mijn pionnekes eten, als 
laatste avondmaal.....}  g5 {wat bedoelde je 
overigens met 'onder het weer'?}  4.Bc4 {ik hoorde 
trouwens van mijn vriendinnen Anne, Linda, Maarten 
en Natasha dat je een schaak-computer gebruikt? 
Tssss!}  g4 {maar ik gebruik hem alleen maar om 
taffijntjes op te warmen, voor op de solokov, weet 
je wel?}  5.O-O {ja, maar ik hoorde ook "wilco 
achterberg, 40 jaar" dat jij in werkelijkheid een 
blond, hot supermodel bent. Misschien kunnen we 
eens afspreken voor een "potje schaak", nodge, 
nodge, if you know what I mean?}  gxf3 {klopt, ik 
ben ook nederlands kampioen vluggeren, maar niet 
bij schaken, say no more..}  6.Qxf3 {ahhh, quicky 
nach dem sushi, daar weet Boris B alles van! Anna, 
het Russische fotomodel, wist haar mondje toen 
goed te gebruiken, maar niet om over Wimbledon te 
babbelen!}  Qf6 {that's all russian to me}  7.e5 
{Ah! Wi govorite po russki? Prekrasno! Davay, 
popem stakan vodki.}  Qxe5 {da}  8.Bxf7+ {tja, dat 
wordt de dood of de gladiolen......}  Kxf7 
{volgens mijn computer staan we Pat in 39 zetten, 
dus dood=0 en gladiolen=0...}  9.d4 {ja, behalve 
dan dat we dat nieuwtje van Great uit moeten 
proberen over een paar zetten...}  Qxd4+ {Ik zal 
Akvist vragen wat-i er van vindt. Schaak, 
overigens!!}  10.Be3 {Akvist? Werkt die bij de 
IKEA?}  Qf6 {jij hebt ook alles door! gisteren 
weer veel gelamineerd vezelwerk opgescharreld 
aldaar, en zo kwam ik met hem in gesprek.}  
11.Bxf4 {en ik kreeg gisteren een brief van mijn 
toekomstige mede flat-bewoners dat we met zijn 
allen een meeting moeten gaan organizeren in 
februari. Gutogut, wat knus!}  Ne7 {mag ik mee?}  
12.Nc3 {je mag in plaats van mij! Gaan we een keer 
naar het Hoogoven-toernooi (begint volgende 
week)?}  Nf5 {wat zijn de speeldagen en tijden? is 
het in IJmuiden?}  13.Be5 {ik zal het uitzoeken. 
Zo, en nu de Great-variant van het 
Muzio-gambiet.....}  Qg6 {erg mooie zet!!!}  
14.Bxh8 {leuker was het om nu Pb5 te spelen, maar 
ik zag niet hoe dat me ging helpen om de lange 
duur}  d6 {maar dat weerhoud je toch anders ook 
nooit :)> (herken je het Sikje van Foppe HG?)}  
15.Rae1 {je hebt helemaal gelijk! Ik had Pb5 
moeten spelen! Leuk sikje!! Wanneer komt het jou 
het beste uit eens naar wijk aan zee te gaan? 
Weekend of door de week? Ze beginnen geloof ik om 
13.30. Vanaf aanstaande zaterdag kan ik.}  c6 
{deze dan maar...:)>}  16.Nd5 {hoppeta! Ik kon de 
verleiding niet weerstaan! Gaan we binnenkort eens 
een vloer voor me uitzoeken? ps, Ajax uit, altijd 
lastig, hahaha}  Kg8 {zucht...}  17.Re8 {in de 
stijl van Zuckertort....}  Qxe8 18.Nf6+ Kxh8 
19.Nxe8 Na6 20.Qc3+ Kg8 21.Qf6 Be7 22.Qc3 Be6 
23.Rxf5 Rxe8 24.Qg3+ Kh8 25.Qc3+ {(offering draw) 
't is wel mooi geweest zo!}  1/2-1/2

[Event "HCL-M882"]
[Site "www.playchess.de"]
[Date "2006.03.21"]
[Round "7"]
[White "randa"]
[Black "FoppeHG"]
[WhiteElo "2306"]
[BlackElo "1846"]
[PlyCount "83"]
[Result "1-0"]

1.e4 {hi from Plzen, Czech republic. Good luck!}  
e5 {Hi from Utrecht, Netherlands, best of luck 
2u2!}  2.Nf3 Nc6 3.Nc3 Nf6 4.d4 Bb4 5.Nxe5 Nxe4 
6.Qg4 Nxc3 7.Qxg7 Rf8 8.a3 Nxd4 9.axb4 Nxc2+ 
10.Kd2 Nxa1 11.Kxc3 Qe7 12.Bh6 a5 13.Qxf8+ Qxf8 
14.Bxf8 Kxf8 15.bxa5 Rxa5 16.Nc4 Ra4 17.Na3 d5 
18.Bb5 d4+ 19.Kd3 Bf5+ 20.Ke2 Rb4 21.Rxa1 c6 
22.Bd3 Rxb2+ 23.Nc2 Rxc2+ 24.Bxc2 Bxc2 25.Ra7 Ke7 
26.Rxb7+ Ke6 27.Rc7 Be4 28.g4 Bd5 29.Rc8 Kd6 30.f4 
c5 31.Rd8+ Kc6 32.Kd3 Bg2 33.g5 Bf1+ 34.Ke4 Bg2+ 
35.Ke5 Kb5 36.Rd7 Kb4 37.Rxf7 d3 38.Rxh7 Kc3 39.g6 
Bf1 40.Rd7 d2 41.Rxd2 Kxd2 42.f5 1-0

[Event "HCL-A2583"]
[Site "www.playchess.de"]
[Date "2006.03.21"]
[Round "4"]
[White "victorabiodun03"]
[Black "PLUTARCO"]
[WhiteElo "1357"]
[BlackElo "2102"]
[PlyCount "76"]
[Result "0-1"]

1.e4 c6 2.Nf3 d5 3.e5 Bg4 4.d4 e6 5.Be2 c5 6.c3 
Nc6 7.Nbd2 cxd4 8.cxd4 Bb4 9.O-O Nh6 10.h3 Bxd2 
11.Bxd2 Bxf3 12.Bxf3 Nf5 13.Be3 O-O 14.Qd2 f6 
15.exf6 Qxf6 16.Rad1 Rac8 17.Bg4 Nd6 18.b3 Ne4 
19.Qd3 Kh8 20.a3 Rcd8 21.b4 a6 22.Bf3 Nd6 23.Qd2 
Nc4 24.Qc3 Rdc8 25.Qb3 b5 26.Be2 Ne7 27.Bd3 Qh4 
28.Bb1 Nf5 29.Bxf5 exf5 30.f4 Rfe8 31.Bc1 Re4 
32.Qf3 Rce8 33.Kh2 Qf6 34.g4 Qh4 35.gxf5 Ne3 
36.Bxe3 R4xe3 37.Qg4 Rxh3+ 38.Qxh3 
Re2+ 0-1

[Event "ACL-A662"]
[Site "www.playchess.de"]
[Date "2006.03.21"]
[Round "3"]
[White "kilani"]
[Black "PhilipKaveny"]
[WhiteElo "1500"]
[BlackElo "1538"]
[PlyCount "93"]
[Result "1-0"]

1.e4 g6 2.d4 d6 3.Bb5+ c6 4.Be2 Bg7 5.c3 Nf6 6.Qc2 
O-O 7.Nf3 b5 8.Bg5 a5 9.O-O Bb7 10.Nbd2 Na6 
11.Rad1 Rc8 12.e5 Nd5 13.exd6 Qxd6 14.Ne4 Qd7 
15.Ne5 Qc7 16.Nd3 c5 17.dxc5 Nf6 18.Nxf6+ exf6 
19.Be3 Be4 20.Qb3 Bxd3 21.Bxd3 Nxc5 22.Bxc5 Qxc5 
23.Qxb5 Qa7 24.Qa6 Qc7 {(offering draw)}  25.b4 
Rca8 {(offering draw) Perhaps you should have 
taken my offer more seriously :)}  26.Qc4 Qxc4 
27.Bxc4 axb4 28.cxb4 Ra4 29.Rdb1 f5 30.Rfd1 Bc3 
31.Rb3 Bxb4 32.Bb5 Rxa2 33.Rxb4 Rb8 34.Rdb1 Rd2 
35.Kf1 Rd5 36.Bc4 Rxb4 37.Rxb4 Rd8 38.Rb7 Rf8 
39.Ke2 Kg7 40.Kf3 h6 41.Kf4 Kf6 42.h4 h5 43.Rb6+ 
Kg7 44.Rb7 Kf6 45.f3 Kg7 46.Kg5 Kg8 
47.Kf6 1-0

[Event "ACL-E216"]
[Site "www.playchess.de"]
[Date "2006.03.21"]
[Round "7"]
[White "marietto"]
[Black "ensenis"]
[WhiteElo "1715"]
[BlackElo "1557"]
[PlyCount "73"]
[Result "1-0"]

1.c4 Nf6 {Ciao.}  2.Nc3 {ciao e buon gioco}  g6 
3.g3 Bg7 4.Bg2 O-O 5.d4 c6 6.e4 d6 7.Nge2 Nbd7 
8.O-O e5 9.d5 c5 10.Bg5 h6 11.Be3 a6 12.h3 b6 
13.a3 Rb8 14.Qd2 Kh7 15.b4 Rh8 16.b5 a5 17.Qc2 h5 
18.Bg5 Bh6 19.f4 exf4 20.Bxh6 Kxh6 21.gxf4 Re8 
22.Nc1 Kg7 23.Nd3 Ng8 {La mia posizione sembra 
perdente. Comunque provo un paio di mosse 
ancora.
La mia colpa è di tentare un'apertura di cui non 
ho ancora familiarità, ma certamente tu hai 
giocato benissimo finora.
Ciao,
enrico}  24.Rae1 {enrico non ti scoraggiare, non è 
detta l'ultima parola, è ancora tutta da 
giocare,ciao, mario}  Qh4 {Va bene: provo ancora. 
Ciao, enrico}  25.e5 Nf8 26.Ne4 Bxh3 27.Nxd6 Red8 
28.Re3 Bxg2 29.Qxg2 Nh6 30.Qg5 Qg4+ 31.Rg3 Qxg5 
32.fxg5 Nf5 33.Nxf5+ gxf5 34.Rxf5 Ng6 35.Kh2 Rde8 
36.Re3 Rb7 37.Rf6 1-0

[Event "HCL-A2584"]
[Site "www.playchess.de"]
[Date "2006.03.21"]
[Round "4"]
[White "victorabiodun03"]
[Black "badplayer"]
[WhiteElo "1357"]
[BlackElo "1581"]
[PlyCount "108"]
[Result "0-1"]

1.e4 c5 2.Nf3 d6 3.d4 cxd4 4.Nxd4 Nf6 5.Nc3 a6 
6.Be2 b5 7.a3 Bb7 8.f3 e6 9.Be3 Be7 10.Nb3 Nbd7 
11.g4 h6 12.O-O Rc8 13.Nd2 Qc7 14.f4 Nc5 15.Bf3 
Ng8 16.Qe2 Bf6 17.g5 hxg5 18.fxg5 Bxc3 19.bxc3 Na4 
20.c4 bxc4 21.Bd4 e5 22.Be3 Ne7 23.Qf2 Ng6 24.Bg4 
Rb8 25.Bf5 Nh4 26.g6 f6 27.Rab1 Nxf5 28.Qxf5 Ke7 
29.Rb4 c3 30.Rc4 Bc6 31.Nb3 Qd7 32.Qxd7+ Bxd7 
33.Rc7 Rhc8 34.Ra7 Rc4 35.Na5 Rcc8 36.Rxa6 Nc5 
37.Bxc5 Rxc5 38.Nb3 Rc4 39.Rd1 Rxe4 40.Raxd6 Bf5 
41.Nc5 Rg4+ 42.Kf2 Rxg6 43.Ra6 Kf7 44.Ra7+ Kg8 
45.Rc1 Rd8 46.Na4 Rd2+ 47.Ke3 Rxh2 48.Rf1 Rg3+ 
49.Rf3 Rxf3+ 50.Kxf3 Bxc2 51.Nxc3 Rh3+ 52.Ke2 Rxc3 
53.Kd2 Rc4 54.Ke3 Ra4 0-1

[Event "HCL-A2605"]
[Site "www.playchess.de"]
[Date "2006.03.21"]
[Round "1"]
[White "Deep_Trouble"]
[Black "mrchess"]
[WhiteElo "1653"]
[BlackElo "1438"]
[PlyCount "65"]
[Result "1-0"]

1.d4 {Welcome to our match Mr C.}  d5 {thanks, 
good game}  2.Nf3 Bg4 3.Nbd2 e6 4.c4 Nf6 5.Qb3 b6 
6.e3 dxc4 7.Bxc4 Be7 8.Ne5 Bh5 9.Qa4+ Nbd7 10.Bb5 
a6 11.Bc6 b5 12.Qa5 Rb8 13.Bxd7+ Nxd7 14.Nc6 Qc8 
15.Nxb8 Nxb8 16.a4 b4 17.Qxh5 Qb7 18.b3 Qxg2 
19.Qf3 Qg6 20.Qe4 f5 21.Qb7 O-O 22.Bb2 Bd6 
23.O-O-O Qh5 24.Nc4 Qe2 25.Nxd6 cxd6 26.Rhg1 g6 
27.Rd2 Qh5 28.Qe7 Qxh2 29.Qxe6+ Rf7 30.Qe8+ Rf8 
31.Rxg6+ {You'll have to lose your queen to play 
on mr.c.}  hxg6 32.Qxg6+ Kh8 {you got me}  33.d5+ 
{Yes I do.}  1-0

[Event "HCL-E1566"]
[Site "www.playchess.de"]
[Date "2006.03.21"]
[Round "18"]
[White "Zafonic"]
[Black "Baldrick"]
[WhiteElo "1572"]
[BlackElo "1703"]
[PlyCount "34"]
[Result "0-1"]

1.Nf3 d5 2.d4 Nc6 3.c3 Bg4 4.e3 e6 5.Qb3 Rb8 
6.Nbd2 Bxf3 7.Nxf3 Bd6 8.Bd3 Nf6 9.O-O O-O 10.Re1 
a6 11.Qc2 h6 12.Qe2 Ne4 13.Qc2 f5 14.h3 Rf6 15.a3 
Rg6 16.c4 Ng5 17.Nh4 Nxh3+ 0-1

[Event "HCL-C4130"]
[Site "www.playchess.de"]
[Date "2006.03.21"]
[Round "23"]
[White "valpa"]
[Black "Milosforman"]
[WhiteElo "1090"]
[BlackElo "944"]
[PlyCount "73"]
[Result "1-0"]

1.b4 {again}  e6 {hi}  2.Bb2 f5 3.e3 Bxb4 4.Bxg7 
Qe7 5.Bxh8 e5 6.Qh5+ Qf7 7.Qxf7+ Kxf7 8.Bxe5 d6 
9.Bb2 Nc6 10.Bc4+ Be6 11.Bxe6+ Kxe6 12.Nf3 h6 
13.Nd4+ Nxd4 14.Bxd4 c5 15.Bb2 a5 16.a3 Bxd2+ 
17.Nxd2 b5 18.O-O d5 19.f3 c4 20.e4 fxe4 21.fxe4 
dxe4 22.Nxe4 Rc8 23.Rad1 b4 24.axb4 axb4 25.Rd6+ 
Ke7 26.c3 b3 27.Rfd1 h5 28.R6d7+ Ke6 29.R1d5 Nh6 
30.R7d6+ Ke7 31.Rxh6 h4 32.Rxh4 Ke6 33.Rhh5 Rf8 
34.Rd6+ Ke7 35.Rh7+ Ke8 36.Ra6 Rf7 
37.Nd6+ 1-0

[Event "HCL-C4148"]
[Site "www.playchess.de"]
[Date "2006.03.21"]
[Round "34"]
[White "Milosforman"]
[Black "Mercator"]
[WhiteElo "936"]
[BlackElo "1066"]
[PlyCount "44"]
[Result "0-1"]

1.d4 d5 2.e3 e6 3.Bd3 Nf6 4.Ne2 c5 5.b3 Nc6 6.c3 
cxd4 7.exd4 Bd6 8.Bg5 O-O 9.f3 e5 10.dxe5 Nxe5 
11.Bxf6 Nxd3+ 12.Qxd3 Qxf6 13.Nd2 Be6 14.O-O Rad8 
15.c4 dxc4 16.bxc4 Bc5+ 17.Nd4 Qxd4+ 18.Qxd4 Rxd4 
19.Kh1 Rxd2 20.f4 Bf5 21.h3 Re8 22.g4 
Ree2 0-1

[Event "HCL-B3903"]
[Site "www.playchess.de"]
[Date "2006.03.21"]
[Round "10"]
[White "nichju"]
[Black "WStanEvans"]
[WhiteElo "1048"]
[BlackElo "1402"]
[PlyCount "66"]
[Result "0-1"]

1.e4 {Greetings from Germany!}  e5 2.Nf3 Nc6 3.d4 
exd4 4.Nxd4 Bc5 5.c3 Qf6 6.Be3 Nge7 7.Nb5 Bd6 
8.Nd2 O-O 9.Bc4 Ne5 10.O-O c6 11.Nd4 Nxc4 12.Nxc4 
Bc7 13.Qd2 Qh4 14.h3 Qxe4 15.f3 Qg6 16.f4 d5 
17.Ne5 Bxe5 18.Nf3 Bd6 19.g4 Nf5 20.Kf2 Nxe3 
21.Qxe3 Qc2+ 22.Nd2 Qxb2 23.g5 Bxh3 24.Rfb1 Qc2 
25.Qxh3 Qxd2+ 26.Kg1 Bc5+ 27.Kh1 b6 28.Rbf1 Rae8 
29.Qh4 Re2 30.Rae1 Rfe8 31.Red1 Qc2 32.Rdc1 Qe4+ 
33.Rf3 Qxf3+ 0-1

[Event "HCL-E1598"]
[Site "www.playchess.de"]
[Date "2006.03.21"]
[Round "19"]
[White "Horst"]
[Black "carlosmadeira"]
[WhiteElo "2100"]
[BlackElo "1617"]
[PlyCount "57"]
[Result "1-0"]

1.e4 e5 2.Nf3 Nc6 3.d4 exd4 4.c3 dxc3 5.Nxc3 a6 
6.Bc4 d6 7.O-O Be7 8.Qb3 Na5 9.Bxf7+ Kf8 10.Qa4 c6 
11.Bxg8 Rxg8 12.Qc2 Bg4 13.Qd3 b5 14.Bf4 Nc4 
15.Rab1 Qc8 16.b3 Nb6 17.Bxd6 Qe6 18.Bc7 Nd7 
19.Rfe1 Nc5 20.Qe3 Bd6 21.Bxd6+ Qxd6 22.Rbd1 Qe7 
23.Qf4+ Qf6 24.Qxg4 Qxc3 25.Rdc1 Qb4 26.Qf5+ Ke8 
27.Qxc5 Qxc5 28.Rxc5 Rc8 29.Rec1 1-0

[Event "HCL-B3851"]
[Site "www.playchess.de"]
[Date "2006.03.21"]
[Round "9"]
[White "taroak"]
[Black "pegasus"]
[WhiteElo "1375"]
[BlackElo "1131"]
[PlyCount "55"]
[Result "1-0"]

1.c4 e5 {hello.....good luck}  2.g3 e4 3.Bg2 Nf6 
4.Nc3 Ng4 5.Nxe4 f5 6.e3 d5 7.cxd5 fxe4 8.Qa4+ Bd7 
9.Qxe4+ Be7 10.Nh3 Nf6 11.Qc4 Na6 12.a3 b5 13.Qa2 
Rb8 14.O-O b4 15.axb4 Nxb4 16.Qxa7 Bxh3 17.Bxh3 
Nfxd5 18.e4 Nc2 19.Qa4+ Kf7 20.Qxc2 Nb4 21.Qc4+ 
Kf8 22.d4 Nc6 23.Qxc6 Qxd4 24.Be3 Qxb2 25.Qxc7 Bf6 
26.Ra7 Qb3 27.Bc5+ Kg8 28.Qxb8+ 1-0

[Event "HCL-B3927"]
[Site "www.playchess.de"]
[Date "2006.03.21"]
[Round "18"]
[White "larese"]
[Black "evets"]
[WhiteElo "763"]
[BlackElo "1311"]
[PlyCount "24"]
[Result "0-1"]

1.d4 e6 2.e4 d5 3.e5 c5 4.c4 Qb6 5.dxc5 Bxc5 6.Nh3 
Ne7 7.cxd5 Nxd5 8.Bd2 Qxb2 9.Nc3 Nxc3 10.Bxc3 
Qxc3+ 11.Ke2 b6 12.Rc1 Ba6+ 0-1

[Event "HCL-C4171"]
[Site "www.playchess.de"]
[Date "2006.03.22"]
[Round "1"]
[White "sonnyspock"]
[Black "chupomelapoya"]
[WhiteElo "1139"]
[BlackElo "800"]
[PlyCount "58"]
[Result "0-1"]

1.e4 e5 2.Nf3 d6 3.d4 Nf6 4.dxe5 Nxe4 5.exd6 Bxd6 
6.Be2 O-O 7.O-O Nc6 8.Re1 Bf5 9.Nbd2 Qf6 10.Nxe4 
Bxe4 11.Bb5 Bxf3 12.Qxf3 Nd4 13.Qxf6 gxf6 14.Bd3 
c5 15.Bh6 Rfe8 16.g3 Nf3+ 17.Kf1 Nxe1 18.Rxe1 
Rxe1+ 19.Kxe1 Be5 20.c3 Re8 21.Kd2 Re6 22.f4 Bc7 
23.Bf5 Rd6+ 24.Kc2 b5 25.a3 a5 26.g4 Rd5 27.Be4 
Rd6 28.Bd3 f5 29.Bxf5 Rxh6 0-1

[Event "HCL-M890"]
[Site "www.playchess.de"]
[Date "2006.03.22"]
[Round "10"]
[White "maik42_"]
[Black "aldo"]
[WhiteElo "2196"]
[BlackElo "1833"]
[PlyCount "67"]
[Result "1-0"]

1.Nf3 {hallo and have fun}  Nf6 2.g3 g6 3.Bg2 Bg7 
4.O-O O-O 5.d3 d5 6.Nbd2 c5 7.e4 Nc6 8.c3 e5 9.Re1 
dxe4 10.dxe4 Qe7 11.Nc4 Rd8 12.Qc2 b5 13.Ne3 Bb7 
14.Nd2 Rac8 15.a4 a6 16.axb5 axb5 17.Qb3 b4 18.Nd5 
Qf8 19.Nc4 Nxd5 20.exd5 Nb8 21.Nxe5 Rde8 22.f4 Qd6 
23.Be3 Bxe5 24.fxe5 Rxe5 25.Bf4 Rxe1+ 26.Rxe1 Qf6 
27.Qa4 Qd8 28.c4 Nd7 29.Bh3 f5 30.Qb5 Ba8 31.Qa6 
Qf8 32.Bh6 Qd8 33.Qe6+ Kh8 34.Qf7 1-0

[Event "HCL-A2601"]
[Site "www.playchess.de"]
[Date "2006.03.22"]
[Round "4"]
[White "sarx"]
[Black "Torenvalk"]
[WhiteElo "1165"]
[BlackElo "1555"]
[PlyCount "52"]
[Result "0-1"]

1.e4 e5 {Have a good game.}  2.Nf3 d6 3.d4 Nf6 
4.Bg5 exd4 5.Nxd4 Be7 6.Nc3 O-O 7.Qd2 Re8 8.Be2 
Nbd7 9.O-O-O Nf8 10.h4 Ne6 11.f3 Nxg5 12.hxg5 Ng4 
13.fxg4 Bxg5 14.Qxg5 Qxg5+ 15.Kb1 Bxg4 16.Bxg4 
Qxg4 17.Rdg1 Re5 18.a3 Rh5 19.Ndb5 Rxh1 20.Rxh1 
Qxg2 21.Rd1 g6 22.Nxc7 Rc8 23.N7b5 Rc6 24.Nxd6 Qf3 
25.Nxb7 Rxc3 26.bxc3 Qxd1+ 0-1

[Event "HCL-C4230"]
[Site "www.playchess.de"]
[Date "2006.03.22"]
[Round "7"]
[White "thor"]
[Black "dsnguyen"]
[WhiteElo "971"]
[BlackElo "1353"]
[PlyCount "36"]
[Result "0-1"]

1.e4 e5 2.Nf3 Nc6 3.Bb5 a6 4.Ba4 Nf6 5.O-O b5 
6.Bb3 Be7 7.Re1 O-O 8.c3 d5 9.exd5 Nxd5 10.Nxe5 
Nxe5 11.Rxe5 c6 12.d3 Bd6 13.Re1 Qh4 14.h3 Bxh3 
15.gxh3 Qxh3 16.Bxd5 Bh2+ 17.Kh1 Bg3+ 18.Kg1 
Qh2+ 0-1

[Event "ACL-B032"]
[Site "www.playchess.de"]
[Date "2006.03.22"]
[Round "36"]
[White "Idris"]
[Black "Peter_Richard"]
[WhiteElo "871"]
[BlackElo "1747"]
[PlyCount "50"]
[Result "0-1"]

1.e4 {Hello, cool surprise:)}  c6 {Hi, I generally 
go for thematics, but I couldn't find any I 
liked.}  2.d4 {Intersting to see new 'to me' 
opening and attacks...and of course defence. Tried 
a few in torneys...obviously I need a deeper 
understanding:)}  d5 {What I did was try to stick 
to a single set of openings as much as possible: 
Caro-Kann (e.g. this one) and the Slav.}  3.e5 
{Its certainly better keeping the same openings, 
then use something unusual on occasion.}  Bf5 
{Playing a given opening isn't that restrictive 
either--here we're into the Advance Caro-Kann: 
there are 5 other main variations!}  4.Nf3 
{Interesting. Just a got a new chess set with 
wooden board. So will finder easier to see whats 
going on. Been meaning to get one for ages.}  e6 
{A really nice set is a true pleasure to play on. 
Which reminds me, I've not dusted mine off in a 
few months...}  5.Bd3 {This site is so cool, but 
its always cooler to play the REAL thing. I am 
presently increasing my chess sets, going for the 
better ones now. Tend to like the gothic-like 
ones.}  Bxd3 {Standard Staunton for me, especially 
if the knights are nice. I've a version of the 
Reikyavik style set, looks really spiff.}  6.Qxd3 
{Cool. Going to get a good staunton set myself as 
soon as I can find a good place to get one. Soon I 
hope.}  Nd7 {I splurged and bought one from House 
of Staunton--online is the best bet, since most 
shops don't sell enough sets to carry the nice 
ones.}  7.Be3 {I shall have a surf and take a 
look. Must get myself a decent set. As you say, 
shops normally have the cheaper sets. A computer, 
travel set is also another possibility.}  Qb6 
{This site is in the UK, might be a good place to 
start: http://www.chesscenter.com/twic/twic.html}  
8.Nc3 {Thanks I'll have a look.}  O-O-O 9.O-O-O 
{Now I like games which start like this. I try to 
play castle queenside more often, buit it isnt as 
good to defend I understand.}  h6 {Defense is 
generally the problem black has, but of course the 
tables can turn quickly!}  10.h4 {Thats usually 
where I make a mistake. Go for an attack, and the 
king without enough support. The bishop sacrifice 
(on pawns protecting the king) I use is a good 
example of that. Have refined and restricted its 
use.}  Ne7 {I generally spend a lot of time lining 
up as much fire-power as possible before launching 
an attack, unless I've spotted an error by my 
opponent.Blind aggro doesn't work well in ACL!!}  
11.g4 {I shall remember that remise. 'Blind aggro' 
great phrase btw.}  f6 {Thanks. Of course learned 
the hard way...}  12.exf6 {Unfortunately its 
usually the most effective way to learn}  gxf6 
{Got some bad news: my mother's radiation 
treatment is not going well, may have to be 
stopped after only 1 week.}  13.Rde1 {Sorry to 
hear that.}  Qc7 {Argh, she's in hospital now--but 
they expect her out at the end of the week.}  
14.Reg1 {Very sorry to hear she has been in 
hospital. Often think home is best, where at all 
possible.}  e5 {Not possible in this 
case--constipated for 9 days! No change yet..}  
15.dxe5 {My grandmother had the same problem. 
trouble is the doctor didnt spot it for several 
days!}  Nxe5 {Still no change. Trouble is this 
afternoon I googled the type of cancer 
again--doesn't look good at all I'm afraid.}  
16.Qd4 {Very sorry to hear that}  Nxf3 {The 
performed a bowel by-pass surgery Wednesday 
evening--we now wait to see if it's going to work. 
Tense times indeed!}  17.Qxf6 {Yes. I do hope 
things go well}  Nxg1 {Bad news: a 2nd blockage, 
this time at the end of the colon, again caused by 
the tumor. a 2nd op is possible, but Mom hasn't 
decided yet.}  18.Qxh8 Nf3 19.Bxh6 Ng6 {Mom 
decided against a 2nd surgery--palliative care 
next.}  20.Qh7 {Sorry for not replying last time, 
something went awry with the mesaging system.}  
Qxh7 {Not to worry, I've got lots to keep me busy. 
Bought a new guitar as well for some positive 
distraction, a Seagull SA6.}  21.Bxf8 {This game 
should be a lift for you too: ) What was I doing? 
aaaargh. lol}  Rxf8 {Yes, I'm supposed to be the 
distracted one here! I'll have to start another 
tourney now!! ;o)}  22.h5 {True. I'll fight on 
though.}  Nf4 {They say winning a "won" game takes 
good technique...let's see!}  23.b3 {OK. You're 
going to batter the ramparts and slay my King 
artnt you. lol}  Nd4 {Yep, that knight on c3 is a 
treat for me!}  24.Kd1 {My king is feeling his 
head is about to roll! lol}  Re8 {nate in 1 at 
this point I believe...}  25.Kc1 {I agree.}  Qxc2+ 
{computer assistance in ACL is pretty much 
essential unless you're a masochist. Although I've 
been known to forget I was playing an ACL 
game....}  0-1

[Event "HCL-C4109"]
[Site "www.playchess.de"]
[Date "2006.03.22"]
[Round "17"]
[White "DaLyrik"]
[Black "spartan1"]
[WhiteElo "760"]
[BlackElo "911"]
[PlyCount "81"]
[Result "1-0"]

1.Nf3 d5 2.g3 d4 3.d3 Nc6 4.Bg2 h6 5.O-O e5 6.e4 
dxe3 7.Bxe3 Nf6 8.a3 Ng4 9.Qe2 Nd4 10.Bxd4 f6 
11.h3 b6 12.hxg4 Bxg4 13.Bxe5 Be7 14.Bc3 O-O 
15.Nbd2 c5 16.b4 Rc8 17.Ne4 f5 18.Ned2 Bf6 19.Bxf6 
Qxf6 20.Rab1 Rfe8 21.Qd1 Bh5 22.Nc4 Rcd8 23.Qd2 
Bxf3 24.Bxf3 Re6 25.Rbe1 Rde8 26.Rxe6 Rxe6 27.Bd5 
Kh7 28.Bxe6 Qxe6 29.Ne3 f4 30.gxf4 Qg6+ 31.Ng2 a5 
32.c3 cxb4 33.axb4 axb4 34.cxb4 b5 35.Qe3 Qg4 
36.Qe4+ Kg8 37.Qd5+ Kh7 38.Qxb5 Qe2 39.Qf5+ Kg8 
40.Re1 Qd2 41.Re8+ 1-0

[Event "HCL-B3851"]
[Site "www.playchess.de"]
[Date "2006.03.22"]
[Round "10"]
[White "ChessMassacre"]
[Black "taroak"]
[WhiteElo "1200"]
[BlackElo "1375"]
[PlyCount "64"]
[Result "0-1"]

1.e4 c5 2.Nf3 g6 3.Nc3 Bg7 4.d4 cxd4 5.Bb5 dxc3 
6.b3 a6 7.Bc4 e6 8.Qd6 Nf6 9.Bg5 Nxe4 10.Qf4 Nxg5 
11.Nxg5 O-O 12.Qh4 h6 13.Bd3 Qxg5 14.Qxg5 hxg5 
15.O-O Nc6 16.Rae1 b5 17.Be4 Bb7 18.f4 d5 19.Bd3 
gxf4 20.Rxf4 e5 21.Rh4 e4 22.Be2 Nb4 23.Rf1 Nxc2 
24.Rc1 Nd4 25.Rxc3 Nxe2+ 26.Kf2 {Quit now and save 
thyself! I'll give you a job as the King's 
footstool, so that you may feed thy family.}  Nxc3 
{;-)}  27.g4 d4 28.g5 a5 29.Rf4 e3+ 30.Ke1 d3 
31.h4 Bg2 32.h5 d2+ 0-1